| 000 | 00872nam a22002897a 4500 | ||
|---|---|---|---|
| 001 | 5056 | ||
| 003 | FISKH | ||
| 005 | 20241104111435.0 | ||
| 008 | 241104b cb ||||| |||| 00| 0 eng d | ||
| 020 | _a9780545614832 | ||
| 040 |
_aFISKH _beng _cFISKH _dFISKH |
||
| 050 | _aPZ7.B32615 | ||
| 082 | _a823.914 | ||
| 100 | _aBeuer, Joan | ||
| 245 |
_aAlmost Home / _cby Joan Bauer |
||
| 250 | _aFirst Scholastic printing, September 2013 | ||
| 260 |
_aNew York : _bScholastic ; _c2012 . |
||
| 300 |
_a263 pages : _billustrations ; _c20 cm . |
||
| 505 | _aN | ||
| 520 | _aSixth-grader Sugar and her mother lose their beloved house and experience the harsh world of homelessness. | ||
| 521 | 8 |
_a590
_bLexile |
|
| 521 | 8 |
_aN
_bRaz-Plus |
|
| 650 |
_afiction _vpoverty |
||
| 700 |
_aBrennan, Nancy _eBook designer |
||
| 942 |
_2ddc _cBK _n0 |
||
| 999 |
_c5056 _d5056 |
||